[Event "Mitropa Cup 20th"]
[Site "Aymavilles"]
[Date "2000.11.24"]
[Round "7"]
[White "Grafl, Florian"]
[Black "Vaculik, Martin"]
[Result "1-0"]
[WhiteElo "2299"]
[BlackElo "2222"]
[PlyCount "113"]
[EventDate "2000.11.18"]
[EventType "team-tourn"]
[EventRounds "8"]
[EventCountry "ITA"]
[Source "ChessBase"]
[SourceDate "2001.01.11"]

1. e4 e6 2. d4 d5 3. Nc3 Bb4 4. e5 c5 5. a3 Ba5 6. b4 cxd4 7. Qg4 Ne7 8. bxa5
dxc3 9. Qxg7 Rg8 10. Qxh7 Nbc6 11. f4 Qxa5 12. Rb1 Bd7 13. Rxb7 O-O-O 14. Rb5
Qa4 15. Qd3 Nf5 16. Qxc3 Rxg2 17. Bxg2 Qxb5 18. Nf3 Rg8 19. Bf1 Qb6 20. Ng5 Kd8
21. Qh3 Ncd4 22. Bd3 Bb5 23. Nxf7+ Kd7 24. Ng5 Bxd3 25. Qxd3 Rc8 26. c3 Qb3 27.
Bd2 Nc2+ 28. Ke2 Nxa3 29. Qa6 Qc4+ 30. Qxc4 Nxc4 31. Rb1 Nb6 32. Ra1 Rc7 33.
Kd3 Nc4 34. Ra6 Nb6 35. Be1 Ng7 36. Bf2 Nc8 37. h4 Rc6 38. Ra4 a6 39. Nf3 Nh5
40. Be3 Ne7 41. Nd4 Rb6 42. Ra1 Nc6 43. Nc2 Rb8 44. Rxa6 Ng3 45. Bf2 Nf5 46.
Ne3 Nce7 47. Ra7+ Kc6 48. h5 Rh8 49. Nc2 Nc8 50. Nb4+ Kb5 51. Rb7+ Ka4 52. Rb8
Nfe7 53. Na6 Rxh5 54. Nc5+ Ka5 55. Be1 Rh3+ 56. Kc2 Rh2+ 57. Kd1 1-0

[Event "Mitropa Cup 20th"]
[Site "Aymavilles"]
[Date "2000.11.25"]
[Round "8"]
[White "Kuemin, Simon"]
[Black "Colin, Vincent"]
[Result "1-0"]
[WhiteElo "2259"]
[BlackElo "2294"]
[PlyCount "53"]
[EventDate "2000.11.18"]
[EventType "team-tourn"]
[EventRounds "8"]
[EventCountry "ITA"]
[Source "ChessBase"]
[SourceDate "2001.01.11"]

1. d4 d5 2. c4 e5 3. dxe5 d4 4. Nf3 Nc6 5. g3 Be6 6. Nbd2 g5 7. h3 h6 8. Bg2
Qd7 9. a3 a5 10. b3 f6 11. exf6 Nxf6 12. Bb2 Bc5 13. b4 axb4 14. axb4 Rxa1 15.
Bxa1 Bxb4 16. O-O O-O 17. Nb3 Bxc4 18. Nbxd4 Nxd4 19. Nxd4 c5 20. Qc2 b5 21.
Nc6 Qh7 22. Qb2 Bd5 23. Bxd5+ Nxd5 24. Qe5 Rf5 25. Qe8+ Rf8 26. Qe6+ Qf7 27.
Qxd5 1-0

[Event "Mitropa Cup 20th"]
[Site "Aymavilles"]
[Date "2000.11.25"]
[Round "8"]
[White "Pinter, Erik"]
[Black "Grafl, Florian"]
[Result "1-0"]
[WhiteElo "2238"]
[BlackElo "2299"]
[PlyCount "49"]
[EventDate "2000.11.18"]
[EventType "team-tourn"]
[EventRounds "8"]
[EventCountry "ITA"]
[Source "ChessBase"]
[SourceDate "2001.01.11"]

1. e4 e5 2. Bc4 f5 3. d3 Nf6 4. Nf3 c6 5. Qe2 Qe7 6. a4 fxe4 7. dxe4 d6 8. Nc3
Bg4 9. h3 Bh5 10. a5 h6 11. b3 Bf7 12. Ba3 Bxc4 13. Qxc4 g5 14. O-O-O Qf7 15.
Qxf7+ Kxf7 16. Bxd6 Bxd6 17. Rxd6 Nbd7 18. Rhd1 Ke7 19. a6 bxa6 20. Rxc6 Rhc8
21. Rdd6 Rxc6 22. Rxc6 a5 23. Nd5+ Nxd5 24. exd5 Rf8 25. Rxh6 1-0

[Event "Mitropa Cup 20th"]
[Site "Aymavilles"]
[Date "2000.11.26"]
[Round "9"]
[White "Colin, Vincent"]
[Black "Vaculik, Martin"]
[Result "1-0"]
[WhiteElo "2294"]
[BlackElo "2222"]
[PlyCount "103"]
[EventDate "2000.11.18"]
[EventType "team-tourn"]
[EventRounds "8"]
[EventCountry "ITA"]
[Source "ChessBase"]
[SourceDate "2001.01.11"]

1. d4 d5 2. c4 dxc4 3. Nf3 Nf6 4. Nc3 a6 5. e4 b5 6. e5 Nd5 7. a4 Nxc3 8. bxc3
Bb7 9. e6 f6 10. Be2 Qd5 11. O-O Qxe6 12. Nh4 g6 13. f4 f5 14. Bf3 c6 15. g4
Nd7 16. Re1 Qg8 17. axb5 axb5 18. Rxa8+ Bxa8 19. Qc2 Kd8 20. Qa2 Bb7 21. Qa7
Kc7 22. Ba3 e6 23. Bxf8 Qxf8 24. Rxe6 Qa8 25. Rxc6+ Kd8 26. Ra6 Qxa7 27. Rxa7
Bxf3 28. Nxf3 Re8 29. Ne5 Nxe5 30. fxe5 Re7 31. Ra5 b4 32. Ra8+ Kd7 33. cxb4
Ke6 34. gxf5+ gxf5 35. Kf2 Rc7 36. Ke3 c3 37. Ra6+ Kd7 38. Ra1 c2 39. Rc1 Rc3+
40. Kd2 Rh3 41. Kxc2 Rxh2+ 42. Kc3 f4 43. Rf1 Rh3+ 44. Kc4 f3 45. b5 Rg3 46.
Kd5 h5 47. Ke4 Rg4+ 48. Ke3 Rg2 49. Rxf3 Rb2 50. Rf6 Rxb5 51. Rh6 Rb3+ 52. Ke4
1-0

[Event "Mitropa Cup 20th"]
[Site "Aymavilles"]
[Date "2000.11.26"]
[Round "9"]
[White "Costantini, Roberto"]
[Black "Kuemin, Simon"]
[Result "1/2-1/2"]
[WhiteElo "2233"]
[BlackElo "2259"]
[PlyCount "65"]
[EventDate "2000.11.18"]
[EventType "team-tourn"]
[EventRounds "8"]
[EventCountry "ITA"]
[Source "ChessBase"]
[SourceDate "2001.01.11"]

1. e4 c5 2. Nf3 e6 3. d4 cxd4 4. Nxd4 a6 5. Bd3 Nf6 6. O-O Qc7 7. Qe2 d6 8. c4
g6 9. Nc3 Bg7 10. Nf3 O-O 11. h3 Nc6 12. Bf4 Nd7 13. Rac1 Rd8 14. Rfd1 Nde5 15.
Bg5 Re8 16. Nxe5 dxe5 17. Nd5 exd5 18. cxd5 Bd7 19. dxc6 Bxc6 20. Bc4 h6 21.
Be3 Qe7 22. Bc5 Qh4 23. f3 Rac8 24. Rd6 Bf8 25. Bf2 Qg5 26. Be3 Bxd6 27. Bxg5
hxg5 28. Kh2 Red8 29. Qe3 Be7 30. Qb3 Rf8 31. Rd1 Bc5 32. Bd5 Bd4 33. Bxc6
1/2-1/2

[Event "Mitropa Cup 20th"]
[Site "Aymavilles"]
[Date "2000.11.26"]
[Round "9"]
[White "Zufic, Miroslav"]
[Black "Sebenik, Matej"]
[Result "1/2-1/2"]
[WhiteElo "2223"]
[BlackElo "2287"]
[PlyCount "32"]
[EventDate "2000.11.18"]
[EventType "team-tourn"]
[EventRounds "8"]
[EventCountry "ITA"]
[Source "ChessBase"]
[SourceDate "2001.01.11"]

1. e4 c5 2. Nf3 d6 3. d4 Nf6 4. Nc3 cxd4 5. Nxd4 a6 6. Be3 e6 7. g4 h6 8. f4 e5
9. Nf5 h5 10. gxh5 exf4 11. Bxf4 Nxh5 12. Nxd6+ Bxd6 13. Bxd6 Qh4+ 14. Kd2 Qg5+
15. Ke1 Qh4+ 16. Kd2 Qg5+ 1/2-1/2

[Event "Mitropa Cup 21st"]
[Site "Leipzig"]
[Date "2002.05.03"]
[Round "1.1"]
[White "Pira, Davoud"]
[Black "Balinov, Ilija"]
[Result "1/2-1/2"]
[WhiteElo "2434"]
[BlackElo "2460"]
[PlyCount "108"]
[EventDate "2002.05.03"]
[EventType "team-tourn"]
[EventRounds "9"]
[EventCountry "GER"]
[Source "ChessBase"]
[SourceDate "2002.08.12"]
[WhiteTeam "France"]
[BlackTeam "Austria"]
[WhiteTeamCountry "FRA"]
[BlackTeamCountry "AUT"]

1. d4 Nf6 2. Nf3 e6 3. Bg5 h6 4. Bh4 g5 5. Bg3 Ne4 6. Nfd2 Nxg3 7. hxg3 b6 8.
e4 Bb7 9. Bd3 c5 10. d5 exd5 11. exd5 Qe7+ 12. Kf1 Bg7 13. Nc3 Bxc3 14. bxc3
Bxd5 15. Bc4 Qe6 16. Bxd5 Qxd5 17. Qe2+ Kd8 18. Nc4 Re8 19. Ne3 Qe6 20. Rd1 Nc6
21. Qf3 Rc8 22. Nd5 f5 23. Ne3 Ne7 24. Qb7 Rc7 25. Qa8+ Nc8 26. Qd5 f4 27. gxf4
gxf4 28. Qxe6 Rxe6 29. Nd5 Rcc6 30. Nxf4 Re4 31. Rh4 b5 32. g3 Ne7 33. Rh5 Ra4
34. Rxc5 Rxc5 35. Ne6+ Ke8 36. Nxc5 Rc4 37. Nxd7 Rxc3 38. Nf6+ Kf7 39. Ng4 Rxc2
40. Nxh6+ Kg7 41. Ng4 Rxa2 42. Rd7 Kf7 43. Rb7 a6 44. Ne3 Ke6 45. g4 Nd5 46.
Nxd5 Kxd5 47. g5 Ra4 48. f3 Rf4 49. Kf2 Rf5 50. g6 Rg5 51. Rb6 Ke5 52. Rxa6 Kf5
53. Rb6 Rxg6 54. Rxb5+ Kf4 1/2-1/2

[Event "Mitropa Cup 21st"]
[Site "Leipzig"]
[Date "2002.05.03"]
[Round "1.4"]
[White "Kuba, Guenter"]
[Black "Gozzoli, Yannick"]
[Result "0-1"]
[WhiteElo "2317"]
[BlackElo "2313"]
[PlyCount "88"]
[EventDate "2002.05.03"]
[EventType "team-tourn"]
[EventRounds "9"]
[EventCountry "GER"]
[Source "ChessBase"]
[SourceDate "2002.08.12"]
[WhiteTeam "Austria"]
[BlackTeam "France"]
[WhiteTeamCountry "AUT"]
[BlackTeamCountry "FRA"]

1. e4 e5 2. Nf3 Nc6 3. Nc3 Nf6 4. g3 Bc5 5. Bg2 d6 6. d3 Bg4 7. Na4 Bb6 8. Nxb6
axb6 9. h3 Bxf3 10. Bxf3 d5 11. exd5 Nxd5 12. O-O O-O 13. Bd2 f5 14. c3 Nf6 15.
Bg5 Qd6 16. Qb3+ Kh8 17. Rad1 h6 18. Bxf6 Qxf6 19. a3 e4 20. Bg2 Rae8 21. Qc2
Qg5 22. dxe4 f4 23. gxf4 Rxf4 24. Rd3 Ne5 25. Rg3 Qf6 26. Qe2 Rf8 27. Re3 g5
28. Rg3 Qg6 29. Qd1 h5 30. Qd4 Qf6 31. Qd2 h4 32. Re3 Nc4 33. Qe2 Nxe3 34. Qxe3
Qe5 35. Qe2 Kg7 36. Qh5 b5 37. Qe2 c6 38. Rd1 Rxf2 39. Qxf2 Rxf2 40. Kxf2 Qg3+
41. Kf1 g4 42. hxg4 h3 43. Bh1 Qxg4 44. Ke1 Qf4 0-1

[Event "Mitropa Cup 21st"]
[Site "Leipzig"]
[Date "2002.05.03"]
[Round "1.2"]
[White "Golubovic, Boris"]
[Black "Graf, Alexander"]
[Result "0-1"]
[WhiteElo "2462"]
[BlackElo "2623"]
[Annotator "Ribli"]
[PlyCount "120"]
[EventDate "2002.05.03"]
[EventType "team-tourn"]
[EventRounds "9"]
[EventCountry "GER"]
[Source "ChessBase"]
[SourceDate "2002.08.12"]
[WhiteTeam "Croatia"]
[BlackTeam "Germany"]
[WhiteTeamCountry "CRO"]
[BlackTeamCountry "GER"]

1. e4 c5 2. Nf3 e6 3. c4 {Diese Fortsetzung ist in letzter Zeit sehr beliebt.
Weiß vermeidet die Hauptvarianten  (3.d4) und möchte erst später d2-d4 ziehen.}
Nc6 4. Nc3 Nf6 5. Be2 Qc7 (5... Qb6) (5... d5) 6. O-O (6. d4 cxd4 7. Nxd4) 6...
a6 7. d4 (7. d3) 7... cxd4 8. Nxd4 {Durch Zugumstellung haben wir eigentlich
eine Stellung der Paulsen-Variante erreicht.} Nxd4 (8... Bd6 9. Kh1 $1 Bf4 10.
b3 $1 Bxc1 11. Rxc1 O-O 12. Qd2 $1 $14 Ne7 13. Nf3 d6 14. Rfd1 Ne8 15. Kg1 b6
16. Qe3 Bb7 $6 (16... Rb8) 17. Na4 $16 Nc8 18. e5 $1 {1-0 Qin,
K-Arakhamia-Grant,K/New Delhi (m/1) 80/159 2000/[Peng,Xiaomin; Qin,Kanying] 
(46)}) (8... Bb4 9. Bg5 Bxc3 10. Bxf6 gxf6 11. bxc3 d6 (11... Na5 12. Qd2 h5
13. Rab1 d6 14. Rb4 $14) 12. Qd2 Bd7 13. Rab1 Ke7 14. Qh6 Rag8 15. f4 Na5 16.
Qh4 $14 {1-0 Zvjaginsev,V-Malakhatko,V/Herceg Novi 2001/CBM 82 ext (51)}) (8...
Bc5 9. Be3 d6 10. Rc1 O-O 11. h3 Nxd4 12. Bxd4 Bxd4 13. Qxd4 e5 14. Nd5 Nxd5
15. Qxd5 Be6 16. Qd2 Qc6 17. Qe3 Qc5 18. Qd2 Qc6 19. Qe3 {1/2-1/2 Golubovic,
B-Sermek,D/Pula 1999/CBM 70 ext (19)}) 9. Qxd4 {Weiß hat Raumvorteil und
Entwicklungsvorsprung, das ist typisch für die Paulsen-Variante. Dafür besitzt
Schwarz eine solide Stellung.} Bd6 {Der Läufer wirkt etwas unnatürlich auf d6,
aber das ist ein für diese Variante typischer Zug. Momentan hängt der Ph2, und
Schwarz kann die Stellung seines Lufers anschließend mit Be5 verbessern.} (9...
Bc5 10. Qd3 O-O 11. Bg5 d6 12. Bxf6 gxf6 13. Kh1 Kh8 14. f4 Bd7 15. f5 Rae8 16.
Rf4 $36 {1-0 Rublevsky,S-Taimanov,M/St Petersburg 2001/CBM 82 (34)}) 10. Kh1 (
10. h3 O-O 11. Be3 Bh2+ 12. Kh1 Be5 13. Qd3 Bxc3 14. bxc3 b5 15. c5 Bb7 16. Bf3
Qe5 {1/2-1/2 Cifuentes Parada,R-Suba,M/Cala Galdana 2001/CBM 84 ext (16)})
10... Be5 (10... b6 11. Be3 Bb7 12. f3 Bxh2 13. Qxb6 Qxb6 14. Bxb6 Be5 15. Rfd1
Nh5 16. Kg1 f6 17. Bc5 g5 18. Bd6 Nf4 19. Bxe5 fxe5 20. Kf2 {1/2-1/2 Borgo,
G-Miladinovic,I/Cutro 2000/CBM 77 (53)}) 11. Qd3 O-O 12. f4 (12. Bd2) 12...
Bxc3 13. bxc3 $14 {[%cal Gc1a3,Ga3f8] Weiß hat das Läuferpaar und großen
Raumvorteil und Entwicklungsvorsprung. Besonders sein schwarzfeldriger Läufer
ist stark.} b5 (13... d6 14. Ba3 Rd8 15. Rad1 d5 (15... Ne8 16. e5 d5 17. Bf3
$16) 16. e5 Ne4 17. Bf3 $14) 14. e5 (14. Ba3 bxc4 15. Qd4 $16) 14... bxc4 (
14... Ne8 $2 15. Ba3 $18) 15. Qd4 Nd5 16. f5 $1 $36 (16. Ba3 Re8 17. Bd6 Qc6
18. Bxc4 Bb7 19. Rf3 Rec8 $132) 16... Ne7 (16... d6 17. exd6 Qxd6 18. Bxc4 $14)
17. f6 $16 Ng6 18. Ba3 (18. fxg7 $5 Kxg7 (18... Re8 19. Bf4 Bb7 20. Bg3 $16)
19. Bg5 $16 {[%cal Rg5f6,Rf6g7]}) 18... Qxe5 {Schwarz kümmert sich nicht um
den Rf8 - Turm, sondern gibt das Material her.} (18... Re8 19. Bd6 $18) 19.
Qxe5 Nxe5 20. Bd6 (20. Bxf8 Kxf8 $13 {[%cal Gd7d5]}) 20... Nc6 21. Rab1 (21.
Bxf8 Kxf8 22. Bxc4 d5 $14) 21... Re8 22. fxg7 Ra7 (22... Kxg7 $142 23. Bxc4 $14
) 23. Bh5 Kxg7 24. Rxf7+ Kh8 25. Rbf1 {[%csl Gd6,Gf1,Gf7,Gh5,Rh8]} Rb7 26. h3
$2 (26. Bf8 $1 Rb8 27. Bg7+ Kg8 28. Bh6 Bb7 29. Rg7+ Kh8 30. Bxe8 (30. Rff7)
30... Rxe8 31. Rff7 $18) 26... Rb5 27. Bf3 $2 (27. Be2 Rd5 28. Bg3 Kg8 29. Bxc4
$16) 27... Ne5 $132 28. Rf4 (28. Bxe5+ Rxe5 $15) 28... Nxf3 29. R1xf3 Rd5 (
29... Bb7 30. Rg3 Rg8 $15) 30. Rf8+ (30. Ba3 Bb7 31. Rg3 Rd3 $17) 30... Rxf8
31. Rxf8+ Kg7 32. Rxc8 (32. Ba3 Bb7 $17) 32... Rxd6 33. Rxc4 h5 (33... Rc6 $2
34. Rg4+ (34. Rxc6 $1 dxc6 35. g4 Kf6 36. Kg2 $14 {Und anschließend kann Weiß
sich evtl. mit h3-h4 einen entfernten Freibauern bilden.}) 34... Kf6 35. c4 $15
) 34. Kh2 Rd3 $1 {[%csl Gd3]} (34... Rc6 $2 35. Rxc6 dxc6 36. g4 hxg4 (36... h4
37. Kg2 $18 {[%csl Gg4]}) 37. hxg4 Kg6 38. Kg3 Kg5 39. Kf3 $18) 35. Rd4 Rxc3 (
35... Rxd4 36. cxd4 Kf6 37. g4 (37. Kg3) 37... hxg4 38. hxg4 e5 39. dxe5+ Kxe5
40. Kg3 Ke4 41. Kh4 d5 42. Kg3 d4 43. g5 Kf5 44. Kf3 Kxg5 45. Ke4 Kf6 46. Kxd4
Ke6 $11) 36. Rxd7+ Kf6 $15 {[%csl Gc3,Gf6] In diesem Turmendspiel hat Schwarz
eine aktive Turm und Königsstellung und einen - allerdings noch nicht so
gefährlichen  - Freibauern auf e6.} 37. Rh7 Rc5 38. Rd7 (38. g4 hxg4 39. hxg4
Rc2+ 40. Kg3 Rxa2 $17) 38... Ra5 39. Rd2 Kg5 {[%csl Ra5,Gd2,Rg5,Gh2] Hier kann
man schön den Unterschied zwischen den schwarzen und den weißen Figuren sehen.}
40. g3 e5 {[%csl Ge5]} 41. Kg2 Kf5 42. Rf2+ Ke4 {[%csl Ge4]} 43. g4 h4 $1 {
[%csl Gh4] Dieser Zug ist stark - der Pg4 wäre in einem Bauernendspiel sehr
stark, aber hier - in unserem Turmendspiel - kann Schwarz den g-Bauern gut in
Schach halten.} (43... hxg4 44. hxg4 $11) 44. Kh2 Rc5 {[%cal Gc5c6,Gc6g6]} 45.
g5 Rc6 46. Rg2 Rg6 $5 (46... Kf5 47. Rg4 Rc2+ 48. Kg1 Kg6 49. a4 $15) 47. Rg4+
Kf3 48. Rg1 (48. Rxh4 Rxg5 {[%cal Rg5g2,Rg2a2,Rg2h2]} 49. Ra4 Rg2+ 50. Kh1 Rg6
$19 {[%csl Ge5][%cal Re5e4,Re4e3]}) 48... e4 49. Rf1+ Ke2 50. Rf5 e3 $17 {Der
schwarze Freibauer auf e3 ist sehr stark - Weiß kann kein Gegenspiel
entwickeln.} 51. Kg2 Re6 52. Rf6 Re5 53. g6 (53. Rxa6 Rxg5+ 54. Kh2 Ke1 $19)
53... Rg5+ 54. Kh2 a5 55. a4 Kd3 $5 (55... Ke1 56. Rb6 e2 57. Rd6 Rg3 58. Rf6
Kd2 59. Rd6+ Ke3 60. Re6+ Kf2 61. Rf6+ Rf3 62. Rxf3+ Kxf3 63. g7 e1=Q 64. g8=Q
Qe2+ 65. Kh1 Qd1+ 66. Kh2 Qxa4 $17) 56. Rd6+ Ke4 57. Re6+ Kf4 58. Kh1 $2 (58.
Rf6+ $8 Ke5 59. Ra6 e2 $2 (59... Kd4) (59... Kf4) 60. Rxa5+ Kf4 61. Rxg5 e1=Q
62. g7 Ke4 $1 63. g8=Q Qf2+ 64. Rg2 Qf4+ 65. Kg1 Qc1+ $11) 58... Rg3 $1 {[%csl
Gg3]} 59. Kh2 Kf5 $19 {[%cal Rf5e6,Rf5g6] Alles in der schwarzen Stellung ist
verteidigt, jetzt gewinnt er einen Bauern.} 60. Re8 Kxg6 0-1

[Event "Mitropa Cup 21st"]
[Site "Leipzig"]
[Date "2002.05.03"]
[Round "1.4"]
[White "Brumen, Dinko"]
[Black "Sprenger, Jan Michael"]
[Result "1/2-1/2"]
[WhiteElo "2408"]
[BlackElo "2468"]
[PlyCount "110"]
[EventDate "2002.05.03"]
[EventType "team-tourn"]
[EventRounds "9"]
[EventCountry "GER"]
[Source "ChessBase"]
[SourceDate "2002.08.12"]
[WhiteTeam "Croatia"]
[BlackTeam "Germany"]
[WhiteTeamCountry "CRO"]
[BlackTeamCountry "GER"]

1. d4 d5 2. c4 e6 3. Nc3 c6 4. Nf3 Nf6 5. cxd5 exd5 6. Qc2 Be7 7. Bg5 O-O 8. e3
Nbd7 9. Bd3 Re8 10. O-O Nf8 11. Bxf6 Bxf6 12. b4 Bg4 13. Nd2 Rc8 14. a4 Qd6 15.
Rfb1 h5 16. Nb3 b6 17. a5 h4 18. axb6 axb6 19. h3 Bd7 20. Ra6 Bd8 21. Nd2 Bc7
22. Nf3 Qf6 23. e4 Bxh3 24. e5 Qf4 25. Ne2 Qg4 26. Nxh4 Qxh4 27. gxh3 g6 28.
Kg2 Ne6 29. Qc3 c5 30. bxc5 bxc5 31. Bb5 cxd4 32. Qf3 Red8 33. Bd3 Qg5+ 34. Qg4
Kg7 35. Qxg5 Nxg5 36. f4 Ne6 37. Rc1 Bb8 38. Rb1 Nc5 39. Ra3 g5 40. Nxd4 gxf4
41. Nf3 Re8 42. Re1 f6 43. Bf5 Rcd8 44. Ra5 Ne4 45. e6 Kh8 46. Bxe4 dxe4 47.
Rxe4 Kg7 48. Rb5 Be5 49. Rb7+ Kg6 50. e7 Rb8 51. Nxe5+ fxe5 52. Rxb8 Rxb8 53.
Rxe5 Re8 54. Kf3 Kf6 55. Kxf4 Rxe7 1/2-1/2

[Event "Mitropa Cup 21st"]
[Site "Leipzig"]
[Date "2002.05.03"]
[Round "1.1"]
[White "Kalod, Radek"]
[Black "Markos, Jan"]
[Result "1/2-1/2"]
[WhiteElo "2472"]
[BlackElo "2467"]
[PlyCount "55"]
[EventDate "2002.05.03"]
[EventType "team-tourn"]
[EventRounds "9"]
[EventCountry "GER"]
[Source "ChessBase"]
[SourceDate "2002.08.12"]
[WhiteTeam "Czech Republic"]
[BlackTeam "Slovakia"]
[WhiteTeamCountry "CZE"]
[BlackTeamCountry "SVK"]

1. Nf3 Nf6 2. c4 e6 3. Nc3 Bb4 4. Qc2 O-O 5. a3 Bxc3 6. Qxc3 c5 7. b4 b6 8. Bb2
Bb7 9. e3 d6 10. Be2 Nc6 11. O-O e5 12. b5 Ne7 13. a4 Ng6 14. Rfe1 Ne4 15. Qc2
Ng5 16. Qd1 f5 17. d3 f4 18. Rf1 a5 19. Kh1 Ra7 20. Bc1 Kh8 21. Bd2 Ba8 22.
Nxg5 Qxg5 23. Bf3 Bxf3 24. Qxf3 Raf7 25. exf4 Qd8 26. Rae1 Nxf4 27. Qe4 Qa8 28.
Qxa8 1/2-1/2

[Event "Mitropa Cup 21st"]
[Site "Leipzig"]
[Date "2002.05.03"]
[Round "1.2"]
[White "Plachetka, Jan"]
[Black "Gross, David"]
[Result "1/2-1/2"]
[WhiteElo "2441"]
[BlackElo "2472"]
[PlyCount "37"]
[EventDate "2002.05.03"]
[EventType "team-tourn"]
[EventRounds "9"]
[EventCountry "GER"]
[Source "ChessBase"]
[SourceDate "2002.08.12"]
[WhiteTeam "Slovakia"]
[BlackTeam "Czech Republic"]
[WhiteTeamCountry "SVK"]
[BlackTeamCountry "CZE"]

1. d4 Nf6 2. Nf3 g6 3. Bg5 Bg7 4. Nbd2 c5 5. c3 cxd4 6. cxd4 d5 7. e3 O-O 8.
Bd3 Nc6 9. a3 Qb6 10. b4 e5 11. Nxe5 Nxe5 12. dxe5 Ng4 13. Be2 Nxe5 14. O-O d4
15. exd4 Qxd4 16. Nb3 Qb2 17. Bc1 Qc3 18. Bd2 Qc7 19. Rc1 1/2-1/2

[Event "Mitropa Cup 21st"]
[Site "Leipzig"]
[Date "2002.05.03"]
[Round "1.3"]
[White "Cvek, Robert"]
[Black "Manik, Mikulas"]
[Result "1/2-1/2"]
[WhiteElo "2430"]
[BlackElo "2410"]
[PlyCount "43"]
[EventDate "2002.05.03"]
[EventType "team-tourn"]
[EventRounds "9"]
[EventCountry "GER"]
[Source "ChessBase"]
[SourceDate "2002.08.12"]
[WhiteTeam "Czech Republic"]
[BlackTeam "Slovakia"]
[WhiteTeamCountry "CZE"]
[BlackTeamCountry "SVK"]

1. e4 g6 2. d4 Bg7 3. Nf3 d6 4. Nc3 Nf6 5. Be2 O-O 6. O-O a6 7. a4 Nc6 8. h3 b6
9. Re1 Bb7 10. Bf1 e5 11. Be3 exd4 12. Nxd4 Nxd4 13. Bxd4 c5 14. Bxf6 Bxf6 15.
Bc4 Re8 16. Qd3 Ra7 17. Rad1 Bd4 18. Bd5 Qf6 19. Qf3 Qxf3 20. gxf3 Bc8 21. Ne2
Be5 22. Bc6 1/2-1/2

[Event "Mitropa Cup 21st"]
[Site "Leipzig"]
[Date "2002.05.03"]
[Round "1.4"]
[White "Kotan, Ladislav"]
[Black "Jirka, Jiri"]
[Result "1-0"]
[WhiteElo "2365"]
[BlackElo "2398"]
[PlyCount "81"]
[EventDate "2002.05.03"]
[EventType "team-tourn"]
[EventRounds "9"]
[EventCountry "GER"]
[Source "ChessBase"]
[SourceDate "2002.08.12"]
[WhiteTeam "Slovakia"]
[BlackTeam "Czech Republic"]
[WhiteTeamCountry "SVK"]
[BlackTeamCountry "CZE"]

1. e4 e5 2. Nf3 Nc6 3. Bc4 Nf6 4. d3 Bc5 5. O-O a6 6. c3 Ba7 7. d4 Nxe4 8. dxe5
O-O 9. Bd5 Nc5 10. Bg5 Ne7 11. Re1 h6 12. Bh4 Qe8 13. Bc4 b5 14. Bf1 Nf5 15. b4
Ne6 16. Bd3 Nxh4 17. Nxh4 Qd8 18. Qg4 Ng5 19. Nf5 d6 20. h4 Bxf5 21. Bxf5 Ne6
22. Nd2 dxe5 23. Nf3 Qf6 24. Rxe5 Nd8 25. Be4 Rb8 26. Rc1 Ne6 27. Rf5 Qe7 28.
Ne5 Nd8 29. Bd5 Rb6 30. Ng6 Rxg6 31. Qxg6 c6 32. Bb3 Qxh4 33. Re1 Kh8 34. Qd6
Rg8 35. g3 Qg4 36. Qf4 Qxf4 37. Rxf4 Bb8 38. Rd4 Rf8 39. Rd7 Ne6 40. Bxe6 fxe6
41. Rxe6 1-0

[Event "Mitropa Cup 21st"]
[Site "Leipzig"]
[Date "2002.05.03"]
[Round "1.1"]
[White "Borgo, Giulio"]
[Black "Ruck, Robert"]
[Result "0-1"]
[WhiteElo "2418"]
[BlackElo "2569"]
[PlyCount "52"]
[EventDate "2002.05.03"]
[EventType "team-tourn"]
[EventRounds "9"]
[EventCountry "GER"]
[Source "ChessBase"]
[SourceDate "2002.08.12"]
[WhiteTeam "Italy"]
[BlackTeam "Hungary"]
[WhiteTeamCountry "ITA"]
[BlackTeamCountry "HUN"]

1. Nf3 Nf6 2. c4 c5 3. Nc3 d5 4. cxd5 Nxd5 5. d4 Nxc3 6. bxc3 g6 7. g3 Bg7 8.
Bg2 Nc6 9. e3 O-O 10. O-O cxd4 11. cxd4 Be6 12. Re1 Rc8 13. Bd2 Qd7 14. Bc3 Rc7
15. Qd2 Rfc8 16. a4 b6 17. Qb2 Nd8 18. Bd2 Bg4 19. Qb5 Rc2 20. Bb4 Nc6 21. Ba3
Bf6 22. Rec1 Na5 23. Rxc2 Rxc2 24. Ne1 Rc4 25. Bc1 Qxb5 26. axb5 Nb3 0-1

[Event "Mitropa Cup 21st"]
[Site "Leipzig"]
[Date "2002.05.03"]
[Round "1.2"]
[White "Berkes, Ferenc"]
[Black "Sedina, Elena"]
[Result "1-0"]
[WhiteElo "2511"]
[BlackElo "2407"]
[PlyCount "57"]
[EventDate "2002.05.03"]
[EventType "team-tourn"]
[EventRounds "9"]
[EventCountry "GER"]
[Source "ChessBase"]
[SourceDate "2002.08.12"]
[WhiteTeam "Hungary"]
[BlackTeam "Italy"]
[WhiteTeamCountry "HUN"]
[BlackTeamCountry "ITA"]

1. e4 e6 2. d4 d5 3. Nd2 c5 4. Ngf3 Nc6 5. exd5 exd5 6. Be2 Nf6 7. O-O c4 8.
Re1 Be7 9. b3 cxb3 10. axb3 O-O 11. c3 Bg4 12. Bd3 Bd6 13. Nf1 Qc7 14. Bg5 Nd7
15. Ne3 Be6 16. c4 Nb4 17. Rc1 Nxd3 18. Qxd3 dxc4 19. bxc4 b6 20. c5 Bf4 21.
cxb6 Qd6 22. Bxf4 Qxf4 23. d5 Bh3 24. Qd4 Qxd4 25. Nxd4 Ne5 26. b7 Rae8 27.
gxh3 Nd3 28. Nc6 Nxe1 29. Rxe1 1-0